Memoirs of Giani Zail Singh: the seventh president of India (Record no. 380546)

000 -LEADER
fixed length control field 00340cam a22001097a 4500
008 - FIXED-LENGTH DATA ELEMENTS--GENERAL INFORMATION
fixed length control field 180718b1996 xxu||||| |||| 00| 0 eng d
082 ## - DEWEY DECIMAL CLASSIFICATION NUMBER
Classification number A99 Z14
245 ## - TITLE STATEMENT
Title Memoirs of Giani Zail Singh: the seventh president of India
Statement of responsibility, etc. By Giani Zail Singh Foundation
260 ## - PUBLICATION, DISTRIBUTION, ETC.
Place of publication, distribution, etc. New Delhi
Name of publisher, distributor, etc. Har-Anand
Date of publication, distribution, etc. 1996
300 ## - PHYSICAL DESCRIPTION
Extent 317p.
650 ## - SUBJECT ADDED ENTRY--TOPICAL TERM
Topical term or geographic name entry element Zail Singh, Giani
Holdings
Withdrawn status Lost status Damaged status Not for loan Permanent Location Current Location Date acquired Full call number Barcode Date last seen Price effective from Koha item type
        Indian Institute of Public Administration Indian Institute of Public Administration 1996-12-12 A99 Z14 71576 2018-07-21 2018-07-21 Book

Powered by Koha